000 00639nam a22002297a 4500
005 20170124110110.0
010 _aA-124999
020 _c00.00
035 _aA-124999
037 _bCen Lib/Ret
040 _aDPL
_bEN
082 _a921
_bMUL
100 _aMuller, Friedrich Max
_928827
245 _aIndian friends /
_cby Friedrich Max Muller
260 _aNew Delhi
_bAmrit Book
_c1982
270 _bNew Delhi
_aConnaught Circus
300 _aix, 271p.
_c21cm(Hb)
500 _aIncludes index
650 _aIndia -- Biography
_973529
650 _aIndia -- Civilization
_912282
942 _2ddc
_cEN
_h921
_mMUL
999 _c130294
_d130294